000 01173cab a22002055a 4500
001 L146086
008 081208e20081206xxk f g 000 0 eng d
035 _a(Sirsi) u146086
041 0 _aeng
100 1 _aGreatholder, Paul
245 0 0 _aKeep a close eye on your tenants
260 _c2008
490 _aEstates Gazette
_v(0848) 6 December 2008, 95(1)
520 _aArticle introduces the complexities of Rent Act 1977 protected tenancies and offers advice for landlords seeking possession. Discusses discretionary and mandatory grounds for possession, the need to provide suitable alternative accommodation and the need to establish the true residence of a tenancy (in cases where statutory tenants may not be occupying a property, but claim to still do so). Advises that landlords should keep in regular contact with their tenants, should not ignore signs that tenants have moved out and should consider evidence provided by tenants to prove ongoing tenancy should be assessed critically.
590 _aKA
650 2 4 _aRENT ACT 1977
651 4 _aUnited Kingdom
_y
690 _aPROPERTY-RESIDENTIAL PROPERTY-LEASES-RESIDENTIAL LANDLORD AND TENANT
942 _n0
999 _c81021
_d81021